00378nam a2200121 a 450000100100000000500170001000800410002704000250006810000250009324500660011826000520018430000200023600003201320200930063345.0110707s20uu dr 000 0 spa d aDO-SdBNPbspacBNPHU1 aCartagena, Alejandro10aEspacios habitables :b050690- 080106 /cAlejandro Cartagena. a[Santo Domingo] :bCasa de la Cultura,c[19-?]. a39 p. ;c13 cm.